Ngữ pháp tiếng Việt T.1
Những hiện tượng ngữ pháp của cụm từ và câu tiếng Việt: Khái quát về cụm từ, cụm danh từ, tính từ, động từ. Câu phân loại theo cấu tạo ngữ pháp (câu đơn, câu ghép, câu phủ định v.v..)ÿ; NV Tiếng Việt thực hành; NV Ngữ pháp tiếng Viẹ...
保存先:
| 第一著者: | |
|---|---|
| その他の著者: | |
| フォーマット: | 図書 |
| 言語: | Undetermined |
| 出版事項: |
H.
Giáo dục
1999
|
| 主題: | |
| オンライン・アクセス: | http://lrc.tdmu.edu.vn/opac/search/detail.asp?aID=2&ID=6608 |
| タグ: |
タグ追加
タグなし, このレコードへの初めてのタグを付けませんか!
|
| Thư viện lưu trữ: | Trung tâm Học liệu Trường Đại học Thủ Dầu Một |
|---|
| LEADER | 01024nam a2200229Ia 4500 | ||
|---|---|---|---|
| 001 | TDMU_6608 | ||
| 008 | 210410s9999 xx 000 0 und d | ||
| 082 | |a 495.922 | ||
| 090 | |b D307 | ||
| 100 | |a Diệp, Quang Ban | ||
| 245 | 0 | |a Ngữ pháp tiếng Việt | |
| 245 | 0 | |c Diệp Quang Ban | |
| 245 | 0 | |n T.1 | |
| 260 | |a H. | ||
| 260 | |b Giáo dục | ||
| 260 | |c 1999 | ||
| 300 | |a 351tr | ||
| 520 | |a Những hiện tượng ngữ pháp của cụm từ và câu tiếng Việt: Khái quát về cụm từ, cụm danh từ, tính từ, động từ. Câu phân loại theo cấu tạo ngữ pháp (câu đơn, câu ghép, câu phủ định v.v..)ÿ; NV Tiếng Việt thực hành; NV Ngữ pháp tiếng Việt | ||
| 650 | |a Tiếng Việt; Ngữ pháp | ||
| 700 | |a Hoàng, Văn Thung | ||
| 856 | |u http://lrc.tdmu.edu.vn/opac/search/detail.asp?aID=2&ID=6608 | ||
| 980 | |a Trung tâm Học liệu Trường Đại học Thủ Dầu Một | ||